Hamilton Lyrics Sort #29 - Schuyler Defeated - Statistics

General Stats
  • This quiz has been taken 14 times
  • The average score is 22 of 29
Answer Stats
Hint Answer % Correct
Line 7 Further down [1]
100%
Line 3 Grandpa just lost his seat in the Senate
100%
Line 9 "Let's meet the newest Senator from New York..."
100%
Line 1 Look, grandpa's in the paper
100%
Line 12 Burr?
83%
Line 5 Daddy's gonna find out any minute
83%
Line 8 Further down [2]
83%
Line 6 I'm sure he already knows
83%
Line 11 Our Senator
83%
Line 14 Since being one put me on the up and up again
83%
Line 13 Since when are you a Democratic-Republican?
83%
Line 4 Sometimes, that's how it goes
83%
Line 2 War hero Philip Schuyler loses Senate seat to young upstart Aaron Burr
83%
Line 23 And Schuyler's seat was up for grabs, so I took it
67%
Line 29 Beware; it goeth before the fall
67%
Line 20 But upstate
67%
Line 17 Excuse me?
67%
Line 27 I changed parties to seize the opportunity I saw
67%
Line 25 I don't see why that has to end
67%
Line 28 I swear, your pride will be the death of us all!
67%
Line 24 I've always considered you a friend
67%
Line 10 New York
67%
Line 15 No one knows who you are or what you do
67%
Line 18 Oh, Wall Street thinks you're great
67%
Line 22 People think you're crooked
67%
Line 16 They don't need to know me, they don't like you
67%
Line 26 You changed parties to run against my father-in-law
67%
Line 19 You'll always be adored by the things you create
67%
Line 21 Wait
33%
No matching quizzes found
Score Distribution
Percent of People with Each Score
Percentile by Number Answered
Your Score History
You have not taken this quiz